LEADER 00845nam a2200205 i 4500 001 000000187223 003 CaOOAMICUS 005 20100312000000.0 008 100312s1935 it u000 u fre u 013 $a165288 040 $aSeMil$bita 100 1 $aHoutryve, Idesbaldo : van .$0(OLS)http://semarc/name/90097 245 10$aPrière contemplative /$cpar Dom Idesbaldo van Houtryve moine bénédictin du Mont César. 260 $aLouvain :$bAbbaye du Mont César,$c1935. 300 $a48 p. ;$c18 cm. 650 4$aPreghiera - Contemplazione.$0(OLS)http://semarc/subject/1696 850 $aSeMil 852 $aSeMil$W1$xVenegono$y1$m3F II 245$j137910$B137910$CSeMilBibl$Z2$F149385 $81 996 $6245$aPrière contemplative$9(OLS)http://semarc/title/269312 996 $6260$aLouvain :$bAbbaye du Mont César$9(OLS)http://semarc/publisher/30523 LEADER 01394nam a2200277 i 4500 001 000000058170 003 CaOOAMICUS 005 20090708000000.0 008 090708s1995 it u000 u ita u 013 $a29342 040 $aSeMil$bita 245 10$aVerso l'oriente del testo :$bermeneutica, retorica ed estetica nell'insegnamento /$ca cura di Antonio Valleriani ; prefazione di Paul Ricoeur ; hanno collaborato Rosanna Cappelletti ... [et al.]. 260 $aColledara (Teramo) :$bAndromeda,$c1995. 300 $a270 p. :$bill. ;$c25 cm. 490 0 $aImmagini di razionalità educativa ;$v1 650 4$aInsegnamento.$0(OLS)http://semarc/subject/11690 650 4$aDidattica dell'immagine.$0(OLS)http://semarc/subject/11691 700 1 $aValleriani, Antonio.$0(OLS)http://semarc/name/29632 700 1 $aCappelletti, Rosanna.$0(OLS)http://semarc/name/29633 700 1 $aRicoeur, Paul,$d<1913-2005>.$0(OLS)http://semarc/name/675 830 0$aImmagini di razionalità educativa ;$v1.$0(OLS)http://semarc/title/28701 850 $aSeMil 852 $aSeMil$W1$xVenegono$y1$m2Q VI 122$j24323$B24323$CSeMilBibl$Z2$F24326 $81 961 $aAcquisto: Glossa (Libreria) 996 $6245$aVerso l'oriente del testo :$bermeneutica, retorica ed estetica nell'insegnamento$9(OLS)http://semarc/title/90629 996 $6260$aColledara (Teramo) :$bAndromeda$9(OLS)http://semarc/publisher/35565